000 00730nam a22001937a 4500
003 OSt
005 20250730072058.0
008 250730b |||||||| |||| 00| 0 eng d
020 _a971-92567-0-2.
040 _aDWCL-Main lib
_cOC
082 _aFil. 362.76 C536 2002
100 _aArellano-Carandang, Ma. Lourdes
245 _aChildren in pain :
_bstudies on children who are abused, and living in poverty, prison and prostitution/
_cMa. Lourdes Arellano-Carandang
260 _aQuezon City :
_bPsychological Association of the Philippines,
_cc2002.
300 _a178 p. ;
_c23 cm.
650 _a1. Child abuse-Philippines-Research.
650 _a2. Children-Philippines-Social conditions.
942 _2ddc
_cBK - FIL
_kFil.
_n0
999 _c3909
_d3909